Online
Catalog

Paseo literario por la presencia salesiana en Jarabacoa / (Record no. 49809)

MARC details
000 -CABECERA
campo de control de longitud fija 00790nam a22002177a 4500
003 - IDENTIFICADOR DEL NÚMERO DE CONTROL
campo de control DO-SdBNP
005 - FECHA Y HORA DE LA ÚLTIMA TRANSACCIÓN
campo de control 20210513104903.0
007 - CAMPO FIJO DE DESCRIPCIÓN FÍSICA--INFORMACIÓN GENERAL
campo de control de longitud fija ta
008 - DATOS DE LONGITUD FIJA--INFORMACIÓN GENERAL
campo de control de longitud fija 210513e2017 dr |||er|||| 00| edspa d
020 ## - NÚMERO INTERNACIONAL ESTÁNDAR DEL LIBRO
Número Internacional Estándar del Libro 9789945088755
040 ## - FUENTE DE LA CATALOGACIÓN
Centro catalogador/agencia de origen DO-SdBNP
Lengua de catalogación spa
Centro/agencia transcriptor BNPHU
082 ## - NÚMERO DE LA CLASIFICACIÓN DECIMAL DEWEY
Número de clasificación A162p
100 1# - ENTRADA PRINCIPAL--NOMBRE DE PERSONA
Nombre de persona Abreu Lantigua, Luz María
Fechas asociadas al nombre 1954
9 (RLIN) 78583
245 13 - MENCIÓN DE TÍTULO
Título Paseo literario por la presencia salesiana en Jarabacoa /
Mención de responsabilidad, etc. Luz María Abreu Lantigua ; Luz Amelia Rodríguez Abreu , diagramación
260 ## - PUBLICACIÓN, DISTRIBUCIÓN, ETC.
Lugar de publicación, distribución, etc. Santo Domingo :
Nombre del editor, distribuidor, etc. Editoria Mayobanex,
Fecha de publicación, distribución, etc. 2017
300 ## - DESCRIPCIÓN FÍSICA
Extensión 120 p.;
Dimensiones 21 cm
500 ## - NOTA GENERAL
Nota general Septuagésimo aniversario de salesianos en Jarabacoa.
500 ## - NOTA GENERAL
Nota general Contiene biografía de la autora en la tapa delantera
700 10 - PUNTO DE ACCESO ADICIONAL--NOMBRE DE PERSONA
Nombre de persona Rodríguez Abreu , Luz Amelia
Término indicativo de función/relación diagramación
9 (RLIN) 78584
942 ## - ELEMENTOS DE PUNTO DE ACCESO ADICIONAL (KOHA)
Fuente del sistema de clasificación o colocación Dewey Decimal Classification
Tipo de ítem Koha Libro
Holdings
Estado de retiro Estado de pérdida Fuente del sistema de clasificación o colocación Restricciones de uso No para préstamo Localización permanente Ubicación/localización actual Ubicación en estantería Fecha de adquisición Fuente de adquisición Total de préstamos Signatura topográfica completa Código de barras Fecha visto por última vez Precio válido a partir de Tipo de ítem Koha Número de copia
    Dewey Decimal Classification Excluido de préstamo Excluido de préstamo Biblioteca Nacional Pedro Henríquez Ureña Patrimonio Dominicano Depósito 07.07.2017 Depósito legal   A162p 2021-1707 13.05.2021 13.05.2021 Libro  
    Dewey Decimal Classification Excluido de préstamo Préstamo restrigido Biblioteca Nacional Pedro Henríquez Ureña Patrimonio Dominicano Depósito 07.07.2017 Depósito legal   A162p 2021-1708 13.05.2021 13.05.2021 Libro e.2

Powered by Koha